[Event "HUN-chT U18"]
[Site "Miskolc"]
[Date "2009.10.27"]
[Round "3.13"]
[White "Gergacz, Daniel"]
[Black "Simon, Tamas"]
[Result "1/2-1/2"]
[WhiteElo "1858"]
[BlackElo "1820"]
[PlyCount "62"]
[EventDate "2009.10.26"]
[EventType "team-swiss"]
[EventRounds "8"]
[EventCountry "HUN"]
[SourceTitle "EXT 2016"]
[Source "ChessBase"]
[SourceDate "2015.10.08"]
[SourceVersion "1"]
[SourceVersionDate "2015.10.08"]
[SourceQuality "1"]

1. e4 e6 2. d4 d5 3. Nd2 c5 4. exd5 Qxd5 5. Ngf3 cxd4 6. Bc4 Qd8 7. Nb3 Nc6 8. Bb5 Bd7 9. Bd2 Nf6 10. Bxc6 Bxc6 11. Nbxd4 Bd7 12. 0-0 Bd6 13. c3 0-0 14. h3 Rc8 15. Be3 Bb8 16. Re1 e5 17. Ne2 Qc7 18. Ng3 e4 19. Nd4 Rfe8 20. Nde2 Rcd8 21. Qc2 Nd5 22. Nd4 Nxe3 23. Rxe3 Bxh3 24. Rxe4 Bd7 25. Rae1 Rxe4 26. Qxe4 h6 27. Qf3 Bc6 28. Qg4 Bd7 29. Ndf5 Bxf5 30. Nxf5 Qh2+ 31. Kf1 g6 1/2-1/2

[Event "HUN-chT U18"]
[Site "Miskolc"]
[Date "2009.10.27"]
[Round "2.11"]
[White "Istvanovszky, Martin"]
[Black "Simon, Tamas"]
[Result "1-0"]
[WhiteElo "2199"]
[BlackElo "1820"]
[PlyCount "47"]
[EventDate "2009.10.26"]
[EventType "team-swiss"]
[EventRounds "8"]
[EventCountry "HUN"]
[SourceTitle "EXT 2016"]
[Source "ChessBase"]
[SourceDate "2015.10.08"]
[SourceVersion "1"]
[SourceVersionDate "2015.10.08"]
[SourceQuality "1"]

1. e4 e6 2. b3 d5 3. Bb2 c5 4. exd5 exd5 5. Bb5+ Bd7 6. Qe2+ Qe7 7. Bxd7+ Nxd7 8. Qxe7+ Nxe7 9. Nf3 f6 10. d4 b6 11. 0-0 Kf7 12. Nc3 g6 13. Rad1 c4 14. bxc4 dxc4 15. d5 a6 16. Ne4 Nf5 17. d6 Bg7 18. Rfe1 Rhe8 19. g4 Nh6 20. g5 f5 21. gxh6 Bxb2 22. Neg5+ Kg8 23. Re7 Rxe7 24. dxe7 1-0

[Event "Budapest FS08 FM-C"]
[Site "Budapest"]
[Date "2009.08.10"]
[Round "10"]
[White "Kantor, Gergely"]
[Black "Simon, Tamas"]
[Result "1-0"]
[WhiteElo "1732"]
[BlackElo "1808"]
[PlyCount "49"]
[EventDate "2009.08.01"]
[EventType "tourn"]
[EventRounds "13"]
[EventCountry "HUN"]
[SourceTitle "CBM 131 Extra"]
[Source "ChessBase"]
[SourceDate "2009.09.03"]
[SourceVersion "2"]
[SourceVersionDate "2009.09.16"]
[SourceQuality "1"]

1. e4 e6 2. d4 d5 3. Nc3 Nf6 4. e5 Nfd7 5. Nf3 c5 6. dxc5 Nc6 7. Bf4 Bxc5 8. Bd3 Qb6 9. 0-0 Qxb2 10. Nb5 0-0 11. Bxh7+ Kxh7 12. Ng5+ Kg6 13. Qd3+ f5 14. Rfb1 Ndxe5 15. Qe2 Qxa1 16. Rxa1 Ng4 17. Nxe6 Bxf2+ 18. Kf1 Re8 19. Nbc7 Nd4 20. Nxd4 Rxe2 21. Nxe2 Kf6 22. Nxa8 g5 23. h3 gxf4 24. hxg4 Be3 25. Nc7 1-0

[Event "Budapest FS08 FM-C"]
[Site "Budapest"]
[Date "2009.08.07"]
[Round "7"]
[White "Hetesi, Zoltan"]
[Black "Simon, Tamas"]
[Result "0-1"]
[WhiteElo "1509"]
[BlackElo "1808"]
[PlyCount "36"]
[EventDate "2009.08.01"]
[EventType "tourn"]
[EventRounds "13"]
[EventCountry "HUN"]
[SourceTitle "CBM 131 Extra"]
[Source "ChessBase"]
[SourceDate "2009.09.03"]
[SourceVersion "2"]
[SourceVersionDate "2009.09.16"]
[SourceQuality "1"]

1. e4 e6 2. c4 d5 3. exd5 exd5 4. cxd5 Qxd5 5. Nc3 Qd8 6. d4 c6 7. Nf3 Nf6 8. Be2 Bg4 9. Be3 Be7 10. Qb3 b6 11. 0-0 0-0 12. Rad1 Qc7 13. Rfe1 Bd6 14. h3 Be6 15. d5 Nxd5 16. Nxd5 Bxd5 17. Qd3 Rd8 18. Ng5 Bh2+ 0-1

[Event "Budapest Spring op 25th"]
[Site "Budapest"]
[Date "2009.03.28"]
[Round "9"]
[White "Horvath, Jeno Kalman"]
[Black "Simon, Tamas"]
[Result "1/2-1/2"]
[WhiteElo "2044"]
[BlackElo "1731"]
[PlyCount "39"]
[EventDate "2009.03.20"]
[EventType "swiss"]
[EventRounds "9"]
[EventCountry "HUN"]
[SourceTitle "CBM 129 Extra"]
[Source "ChessBase"]
[SourceDate "2009.05.05"]
[SourceVersion "2"]
[SourceVersionDate "2009.05.20"]
[SourceQuality "1"]

1. e4 e6 2. d4 d5 3. exd5 exd5 4. c4 dxc4 5. Bxc4 Bb4+ 6. Nc3 Nf6 7. Nf3 0-0 8. 0-0 Bg4 9. Bg5 h6 10. Bh4 c6 11. a3 Be7 12. Be2 Qb6 13. Re1 Rd8 14. Qc2 Qc7 15. Bg3 Bd6 16. Ne5 Bxe2 17. Qxe2 Re8 18. Rac1 a6 19. Qc4 Re7 20. Qd3 1/2-1/2

[Event "HUN-chT U18"]
[Site "Miskolc"]
[Date "2008.10.29"]
[Round "5.17"]
[White "Simon, Tamas"]
[Black "Nadasdi, Bela"]
[Result "1/2-1/2"]
[WhiteElo "1815"]
[BlackElo "1632"]
[PlyCount "28"]
[EventDate "2008.10.27"]
[EventType "team-swiss"]
[EventRounds "8"]
[EventCountry "HUN"]
[SourceTitle "EXT 2016"]
[Source "ChessBase"]
[SourceDate "2015.10.08"]
[SourceVersion "1"]
[SourceVersionDate "2015.10.08"]
[SourceQuality "1"]

1. d4 d5 2. c4 e6 3. Nc3 Nf6 4. Bg5 Be7 5. Nf3 0-0 6. e3 a6 7. Bd3 dxc4 8. Bxc4 b5 9. Bd3 Bb7 10. 0-0 c5 11. dxc5 Bxc5 12. Qe2 Nbd7 13. Rfd1 Qc7 14. Rac1 h6 1/2-1/2